000 00566nam a2200229Ia 4500
003 OSt
005 20220918231448.0
006 a|||||r|||| 00| 0
007 ta
008 220917b |||||||| |||| 00| 0 eng d
024 _a286,446
037 _cTextual
040 _aARTS
_cARTS
_beng
041 _2eng
_aeng
082 _aT3, L3
100 _aHall Budd L.
_9154750
245 0 _aWho participates in University adult education ?
260 _c1973
650 _aEDUCATION
942 _hT3, L3
_cTEXL
_2CC
999 _c291295
_d291295